[Event "4NCL Division 3"]
[Site "Daventry Court ENG"]
[Date "2014.03.22"]
[Round "7.2"]
[White "Taylor, Geoffrey P"]
[Black "Clark, Robert G"]
[Result "0-1"]
[WhiteElo "1881"]
[BlackElo "1998"]
[PlyCount "96"]
[EventDate "2014.03.22"]
[WhiteTeam "Gloucestershire Gambits"]
[BlackTeam "Holmes Chapel"]

1. e4 e6 2. d4 d5 3. e5 c5 4. c3 Nc6 5. Nf3 Qb6 6. a3 c4 7. Nbd2 f6 8. Be2 fxe5
9. Nxe5 Nxe5 10. dxe5 Ne7 11. Nf3 Nc6 12. Qd2 Bc5 13. O-O O-O 14. Qg5 Bd7 15.
Qg3 Rf5 16. Bd1 d4 17. cxd4 Nxd4 18. Nxd4 Bxd4 19. Bc2 Rxf2 20. Rxf2 Rf8 21.
Bf4 Bxf2+ 22. Qxf2 Qxf2+ 23. Kxf2 Rxf4+ 24. Ke3 Rh4 25. h3 Bc6 26. Rg1 Bd5 27.
Kf2 Rh5 28. Re1 Kf7 29. Re3 b6 30. g4 Rh4 31. Kg3 g5 32. Re2 h5 33. Rf2+ Kg7
34. Rf6 hxg4 35. Rg6+ Kf7 36. hxg4 Rh1 37. Rxg5 Rg1+ 38. Kf4 Rg2 39. Bg6+ Kf8
40. Rh5 Rxb2 41. Rh7 a5 42. Kg5 Rf2 43. Rc7 b5 44. Rc8+ Ke7 45. Rc5 b4 46. axb4
axb4 47. Rb5 b3 48. Rc5 Rf1 0-1

[Event "4NCL Division 3"]
[Site "Daventry Court ENG"]
[Date "2014.03.22"]
[Round "7.9"]
[White "Basham, Edward P"]
[Black "Buttell, David"]
[Result "1-0"]
[WhiteElo "1855"]
[BlackElo "1882"]
[PlyCount "61"]
[EventDate "2014.03.22"]
[WhiteTeam "Bucks Juniors"]
[BlackTeam "Celtic Tigers 2"]

1. e4 c5 2. Nc3 Nc6 3. Nf3 d6 4. Bc4 Nf6 5. h3 e6 6. O-O Be7 7. Re1 O-O 8. b3
a6 9. d4 b5 10. Bf1 cxd4 11. Nxd4 Qc7 12. Bb2 Bb7 13. Qd2 Rac8 14. Rad1 Rfd8
15. Nf3 Ne5 16. Qd4 Nxf3+ 17. gxf3 e5 18. Qe3 Nh5 19. Re2 Nf4 20. Red2 Qa5 21.
Qe1 Ne6 22. Rd3 Nc5 23. Rd5 b4 24. Ne2 Bxd5 25. Rxd5 f5 26. Ng3 f4 27. Bc4 Kh8
28. Nf5 Bf6 29. Qd2 Be7 30. Qxf4 exf4 31. Bxg7+ 1-0

[Event "4NCL Division 3"]
[Site "Daventry Court ENG"]
[Date "2014.03.22"]
[Round "7.10"]
[White "Rumsey, Victor B"]
[Black "Melsom, Jonathan T"]
[Result "1-0"]
[WhiteElo "1853"]
[BlackElo "1702"]
[PlyCount "67"]
[EventDate "2014.03.22"]
[WhiteTeam "Celtic Tigers 2"]
[BlackTeam "Bucks Juniors"]

1. d4 Nf6 2. c4 c5 3. d5 b5 4. cxb5 a6 5. bxa6 g6 6. Nc3 Bxa6 7. Nf3 d6 8. e4
Bxf1 9. Kxf1 Bg7 10. g3 O-O 11. Kg2 Nbd7 12. a4 Qb6 13. Qe2 Rfb8 14. Bd2 Ng4
15. Rhb1 Nde5 16. Ne1 Nh6 17. Nc2 e6 18. f4 Nd7 19. Ne3 Bxc3 20. Bxc3 Qb3 21.
Qc4 exd5 22. Qxb3 Rxb3 23. Nxd5 Kf8 24. a5 Ng8 25. Rd1 Ra6 26. e5 Rb7 27. exd6
Rxd6 28. Ne3 Ra6 29. Nc4 Ke7 30. Re1+ Kd8 31. Rad1 Re6 32. Nd6 Ra7 33. Nxf7+
Ke7 34. Ng5 1-0

[Event "4NCL Division 3"]
[Site "Daventry Court ENG"]
[Date "2014.03.22"]
[Round "7.19"]
[White "Gostelow, David W"]
[Black "Dydak, Mateusz"]
[Result "1/2-1/2"]
[WhiteElo "2034"]
[BlackElo "1912"]
[PlyCount "29"]
[EventDate "2014.03.22"]
[WhiteTeam "Shropshire"]
[BlackTeam "West is Best 2"]

1. d4 f5 2. Bf4 Nf6 3. e3 g6 4. Be2 Bg7 5. c4 O-O 6. Nc3 d6 7. Nf3 Qe8 8. Qc2
a5 9. h3 Nc6 10. a3 e5 11. dxe5 dxe5 12. Bh2 Qe7 13. Nd5 Nxd5 14. cxd5 Nd8 15.
O-O 1/2-1/2

[Event "4NCL Division 3"]
[Site "Daventry Court ENG"]
[Date "2014.03.22"]
[Round "7.21"]
[White "Tarr, Steve F"]
[Black "Davies, Matthew"]
[Result "0-1"]
[WhiteElo "1750"]
[BlackElo "1939"]
[PlyCount "76"]
[EventDate "2014.03.22"]
[WhiteTeam "Shropshire"]
[BlackTeam "West is Best 2"]

1. d4 d5 2. Bf4 Nf6 3. e3 e6 4. Nd2 c5 5. c3 Nc6 6. Bd3 Bd6 7. Bxd6 Qxd6 8. f4
cxd4 9. cxd4 Bd7 10. Ngf3 Rc8 11. Rc1 O-O 12. Ne5 Nb4 13. Bb1 Rxc1 14. Qxc1 Rc8
15. Qd1 Bb5 16. a3 Nc6 17. Kf2 Qe7 18. Qf3 Nd7 19. Qh3 f5 20. g4 Ncxe5 21. fxe5
g6 22. gxf5 exf5 23. Rg1 Kf8 24. Rxg6 hxg6 25. Qh8+ Kf7 26. Qxc8 Qh4+ 27. Kg2
Qg4+ 28. Kf2 Qe2+ 29. Kg3 Qxd2 30. e6+ Kxe6 31. Qe8+ Kf6 32. Qh8+ Kf7 33. Qh7+
Kf8 34. Qh8+ Ke7 35. Qh7+ Kd8 36. Qg8+ Kc7 37. Qxd5 Qxe3+ 38. Kh4 Qf4+ 0-1

[Event "4NCL Division 3"]
[Site "Daventry Court ENG"]
[Date "2014.03.22"]
[Round "7.22"]
[White "Parry, Matthew"]
[Black "Lewis, Christopher D"]
[Result "1-0"]
[WhiteElo "1703"]
[BlackElo "1748"]
[PlyCount "91"]
[EventDate "2014.03.22"]
[WhiteTeam "West is Best 2"]
[BlackTeam "Shropshire"]

1. d4 d5 2. c4 e6 3. Nc3 Nf6 4. cxd5 exd5 5. Bg5 Be7 6. e3 c6 7. Bd3 Ne4 8.
Bxe7 Qxe7 9. Qc2 f5 10. Nf3 Nd7 11. O-O O-O 12. a3 Rf6 13. b4 Rh6 14. b5 g5 15.
g3 g4 16. Nh4 Nf8 17. Ne2 Ng6 18. Ng2 Ng5 19. Ne1 Nf3+ 20. Nxf3 gxf3 21. Nf4
Nxf4 22. exf4 Qf7 23. Rfe1 Bd7 24. Re5 Rf8 25. Rae1 Qh5 26. h4 Kh8 27. R1e3
cxb5 28. Rxd5 Rc6 29. Rc5 Rfc8 30. Rxc6 Rxc6 31. Qb2 Kg8 32. d5 Rd6 33. Qe5 Qg6
34. Rxf3 Qf6 35. Re3 Kf7 36. Kf1 Qxe5 37. Rxe5 Kf6 38. Ke2 Ra6 39. d6 Rxa3 40.
Bxb5 Bxb5+ 41. Rxb5 b6 42. Re5 Ra2+ 43. Kd3 Ra1 44. Kc4 Rf1 45. Rd5 Rc1+ 46.
Kb5 1-0

[Event "4NCL Division 3"]
[Site "Daventry Court ENG"]
[Date "2014.03.22"]
[Round "7.29"]
[White "Pozimski, Szymon"]
[Black "Burton, Graham P"]
[Result "1-0"]
[WhiteElo "1761"]
[BlackElo "2043"]
[PlyCount "81"]
[EventDate "2014.03.22"]
[WhiteTeam "Oxford 3"]
[BlackTeam "3Cs 2"]

1. e4 c5 2. Nf3 e6 3. b3 Nc6 4. Bb2 a6 5. g3 Qc7 6. Bg2 Nf6 7. Qe2 d6 8. O-O
Be7 9. d4 cxd4 10. Nxd4 O-O 11. Nxc6 bxc6 12. e5 dxe5 13. Bxe5 Qb6 14. Nd2 Bb7
15. Nc4 Qc5 16. Bb2 Qa7 17. Qe5 c5 18. f3 Rad8 19. Rad1 Rd5 20. Rxd5 Bxd5 21.
Ne3 c4 22. Kh1 cxb3 23. Nxd5 exd5 24. axb3 Qc5 25. Qe2 Rc8 26. Qxa6 h6 27. Ba3
Qxa3 28. Qxc8+ Kh7 29. f4 g6 30. Qb7 Qc5 31. c3 Kg7 32. c4 dxc4 33. bxc4 Ng4
34. Qe4 Bf6 35. Qe2 h5 36. Bf3 Ne3 37. Re1 Bd4 38. Qd3 f5 39. Rb1 h4 40. Rb5
Qa7 41. Rb7+ 1-0

[Event "4NCL Division 3"]
[Site "Daventry Court ENG"]
[Date "2014.03.22"]
[Round "7.32"]
[White "Manton, Jacob"]
[Black "Henbest, Kevin B"]
[Result "1-0"]
[WhiteElo "1856"]
[BlackElo "1684"]
[PlyCount "53"]
[EventDate "2014.03.22"]
[WhiteTeam "3Cs 2"]
[BlackTeam "Oxford 3"]

1. d4 Nf6 2. c4 g6 3. Nc3 Bg7 4. e4 d6 5. f3 O-O 6. Be3 c5 7. Nge2 Nc6 8. d5
Ne5 9. Ng3 e6 10. Be2 exd5 11. cxd5 a6 12. a4 Bd7 13. O-O b5 14. h3 Nc4 15.
Bxc4 bxc4 16. Qe2 Qc7 17. Qxc4 Rfb8 18. Rfb1 Rb4 19. Qd3 Rb3 20. Nf1 Qc8 21.
Nd2 Rb4 22. Nc4 Ne8 23. Kh2 f5 24. Bf4 Qc7 25. e5 Rxc4 26. Qxc4 dxe5 27. d6+
1-0

[Event "4NCL Division 3"]
[Site "Daventry Court ENG"]
[Date "2014.03.22"]
[Round "7.39"]
[White "Fallowfield, Jeremy R"]
[Black "Gallagher, Daniel GH"]
[Result "1/2-1/2"]
[WhiteElo "2039"]
[BlackElo "1830"]
[PlyCount "35"]
[EventDate "2014.03.22"]
[WhiteTeam "Warwickshire Select 2"]
[BlackTeam "Sandhurst Scorpions"]

1. d4 Nf6 2. c4 g6 3. f3 Bg7 4. e4 d6 5. Nc3 O-O 6. Be3 Nc6 7. Nge2 a6 8. Qd2
Na5 9. Nc1 e5 10. dxe5 dxe5 11. Qxd8 Rxd8 12. Nd5 Nxd5 13. cxd5 b5 14. Bd2 Nb7
15. Nd3 Bd7 16. Rc1 Rdc8 17. Nb4 Nd8 18. Be2 1/2-1/2

[Event "4NCL Division 3"]
[Site "Daventry Court ENG"]
[Date "2014.03.22"]
[Round "7.40"]
[White "Golding, Alex"]
[Black "Page, Mark E"]
[Result "1/2-1/2"]
[WhiteElo "1696"]
[BlackElo "2088"]
[PlyCount "166"]
[EventDate "2014.03.22"]
[WhiteTeam "Sandhurst Scorpions"]
[BlackTeam "Warwickshire Select 2"]

1. e4 e6 2. d4 d5 3. Nc3 Nf6 4. e5 Nfd7 5. f4 c5 6. Nf3 Nc6 7. Be3 Be7 8. Be2
O-O 9. O-O a6 10. Na4 cxd4 11. Nxd4 Nxd4 12. Bxd4 b5 13. Nc3 b4 14. Nb1 Bc5 15.
Bxc5 Nxc5 16. Qd4 Qb6 17. a3 Rb8 18. Nd2 Bd7 19. Rfb1 Rfc8 20. Nf3 b3 21. c3
Na4 22. Qxb6 Rxb6 23. Nd4 f6 24. Kf2 Kf7 25. Ke3 Ke7 26. h4 Be8 27. h5 h6 28.
g4 Bf7 29. Bd3 Nc5 30. Rg1 Nd7 31. Nf3 a5 32. Rae1 Rbb8 33. Kf2 Nc5 34. Bb1 Na4
35. Re2 Rc4 36. Nd4 Rb6 37. Rg3 fxe5 38. fxe5 Rc8 39. Kg2 Rf8 40. Rf3 Be8 41.
Rxf8 Kxf8 42. Kg3 Ke7 43. Rf2 Nc5 44. Kh4 Nd7 45. Re2 Bf7 46. g5 hxg5+ 47. Kxg5
Nb8 48. Bd3 Nc6 49. Nb5 Rb8 50. Re1 Rh8 51. Bg6 Bxg6 52. Kxg6 Rh6+ 53. Kg5 Rh8
54. Re2 Rf8 55. Kg6 Rh8 56. a4 Rh6+ 57. Kg5 Nd8 58. Nd4 Nf7+ 59. Kg4 g6 60.
hxg6 Rxg6+ 61. Kf4 Rg1 62. Nxb3 Rf1+ 63. Kg3 Rf5 64. Nxa5 Kd7 65. Nb3 Rg5+ 66.
Kh4 Rxe5 67. Rxe5 Nxe5 68. Nc5+ Kd6 69. b4 d4 70. cxd4 Nc6 71. Nd3 Nxd4 72. Kg3
Kd5 73. Kf4 Nc6 74. b5 e5+ 75. Ke3 Na5 76. Nb4+ Kc4 77. Nc6 Nb7 78. Nxe5+ Kb4
79. Kd4 Kxa4 80. b6 Kb5 81. Nc4 Kc6 82. Ke5 Na5 83. Nxa5+ Kxb6 1/2-1/2

[Event "4NCL Division 3"]
[Site "Daventry Court ENG"]
[Date "2014.03.22"]
[Round "7.41"]
[White "Hurney, Kevin"]
[Black "Golding, James"]
[Result "0-1"]
[WhiteElo "2008"]
[BlackElo "1568"]
[PlyCount "78"]
[EventDate "2014.03.22"]
[WhiteTeam "Warwickshire Select 2"]
[BlackTeam "Sandhurst Scorpions"]

1. e4 e5 2. Nf3 Nc6 3. Bb5 a6 4. Bxc6 dxc6 5. d4 Nf6 6. Nxe5 Nxe4 7. O-O Be6 8.
Re1 Nf6 9. Qe2 Qxd4 10. Nxf7 Kxf7 11. Qxe6+ Kg6 12. Be3 Qxb2 13. Nd2 Re8 14.
Qc4 Qb5 15. Qh4 Qa5 16. Nb3 Qc3 17. Qg3+ Kf7 18. Qxc7+ Re7 19. Qf4 Qxc2 20.
Red1 Qe4 21. Qb8 Qe5 22. Qc8 Rc7 23. Qh3 Bb4 24. Bd4 Qe7 25. Qh4 c5 26. Be3 b5
27. Rac1 Rd8 28. g3 Ba3 29. Rb1 c4 30. Nd4 c3 31. Nc2 Rc4 32. Qh3 Rxd1+ 33.
Rxd1 Qe4 34. Nxa3 c2 35. Nxc2 Qxc2 36. Rc1 Qxa2 37. Rd1 b4 38. Rd7+ Kg6 39. Qe6
Rc1+ 0-1

[Event "4NCL Division 3"]
[Site "Daventry Court ENG"]
[Date "2014.03.22"]
[Round "7.42"]
[White "Purvis, Anna"]
[Black "Ingram, Keith R"]
[Result "0-1"]
[WhiteElo "1476"]
[BlackElo "2001"]
[PlyCount "52"]
[EventDate "2014.03.22"]
[WhiteTeam "Sandhurst Scorpions"]
[BlackTeam "Warwickshire Select 2"]

1. d4 e6 2. c4 f5 3. Nf3 Nf6 4. g3 d5 5. Bg2 c6 6. cxd5 exd5 7. a3 Bd6 8. Nc3
O-O 9. O-O Qe8 10. e3 Nbd7 11. Bd2 Ne4 12. Qc2 Qh5 13. Nxe4 fxe4 14. Ne1 Nf6
15. Qd1 Qh6 16. Nc2 Ng4 17. h3 Nf6 18. h4 g5 19. hxg5 Qxg5 20. Re1 Qh6 21. Bb4
Ng4 22. Re2 Qh2+ 23. Kf1 Qxg3 24. Qd2 Nh2+ 25. Ke1 Bxb4 26. Nxb4 Bg4 0-1

[Event "4NCL Division 3"]
[Site "Daventry Court ENG"]
[Date "2014.03.22"]
[Round "7.49"]
[White "Towers, Nigel S"]
[Black "Cresswell, Mike J"]
[Result "1/2-1/2"]
[WhiteElo "1820"]
[BlackElo "1769"]
[PlyCount "116"]
[EventDate "2014.03.22"]
[WhiteTeam "e2e4.org.uk 5"]
[BlackTeam "BCM Bison (4)"]

1. e4 Nf6 2. e5 Nd5 3. d4 d6 4. Bc4 e6 5. Nf3 Nc6 6. O-O Nb6 7. Bd3 Nd7 8. Qe2
Be7 9. Nbd2 Nf8 10. Ne4 Ng6 11. Neg5 Nxd4 12. Nxd4 Bxg5 13. exd6 Bxc1 14. Raxc1
O-O 15. Bxg6 hxg6 16. Rcd1 cxd6 17. Nb5 d5 18. c4 Qa5 19. cxd5 exd5 20. Nc3 Be6
21. Rd4 a6 22. Rfd1 Rfd8 23. Qe5 Rac8 24. h4 Qc7 25. Qe2 Qb6 26. R1d2 Rc4 27.
Na4 Qc7 28. Nc3 b5 29. a3 Qb6 30. Qe3 Rxd4 31. Rxd4 Rc8 32. Nxd5 Bxd5 33. Rxd5
Qxe3 34. fxe3 Rc1+ 35. Kh2 Rc2 36. Rd8+ Kh7 37. Ra8 Rxb2 38. Rxa6 b4 39. axb4
Rxb4 40. g3 Rb3 41. Ra7 Kg8 42. Ra8+ Kh7 43. Rf8 Rxe3 44. Rxf7 Re5 45. g4 Re3
46. Kg2 Kg8 47. Rf3 Re2+ 48. Kg3 Re1 49. Kf4 Re6 50. Rd3 Kh7 51. Rd5 Ra6 52.
Kg5 Rf6 53. Rd8 Ra6 54. Rd4 Ra5+ 55. Kf4 Rb5 56. Re4 Ra5 57. Re5 Ra6 58. Kg5
Rf6 1/2-1/2

[Event "4NCL Division 3"]
[Site "Daventry Court ENG"]
[Date "2014.03.22"]
[Round "7.50"]
[White "Cooke, Charlie"]
[Black "Jimenez, Alfonso"]
[Result "1/2-1/2"]
[WhiteElo "1751"]
[BlackElo "1830"]
[PlyCount "57"]
[EventDate "2014.03.22"]
[WhiteTeam "BCM Bison (4)"]
[BlackTeam "e2e4.org.uk 5"]

1. d4 c5 2. d5 b5 3. e4 a6 4. Be3 d6 5. c4 b4 6. Bd3 Nf6 7. f3 Nbd7 8. a4 a5 9.
b3 g6 10. Ra2 Bg7 11. Qd2 Ne5 12. Bc2 Ba6 13. Bh6 O-O 14. Bxg7 Kxg7 15. Ne2 Qb6
16. Nf4 Rac8 17. Bd1 h6 18. Qe2 g5 19. Nd3 e6 20. Nxe5 dxe5 21. h4 Nh5 22. Qe3
Kg6 23. Nd2 exd5 24. cxd5 Qd8 25. g4 Nf4 26. h5+ Kf6 27. Nc4 Re8 28. Kf2 Bxc4
29. bxc4 1/2-1/2

[Event "4NCL Division 3"]
[Site "Daventry Court ENG"]
[Date "2014.03.22"]
[Round "7.52"]
[White "Moore, John R"]
[Black "Booley, Graham M"]
[Result "1/2-1/2"]
[WhiteElo "1718"]
[BlackElo "1817"]
[PlyCount "23"]
[EventDate "2014.03.22"]
[WhiteTeam "BCM Bison (4)"]
[BlackTeam "e2e4.org.uk 5"]

1. e4 d5 2. exd5 Qxd5 3. Nc3 Qd6 4. d4 c6 5. Nf3 Nf6 6. h3 Bf5 7. Bd3 Bxd3 8.
Qxd3 Nbd7 9. O-O e6 10. Re1 Be7 11. a3 O-O 12. Bg5 1/2-1/2

[Event "4NCL Division 3"]
[Site "Daventry Court ENG"]
[Date "2014.03.22"]
[Round "7.69"]
[White "Willmoth, Rob"]
[Black "Pink, Joshua"]
[Result "1-0"]
[WhiteElo "2139"]
[BlackElo "1822"]
[PlyCount "39"]
[EventDate "2014.03.22"]
[WhiteTeam "Barnet Knights 1"]
[BlackTeam "Throw in the Tal"]

1. Nf3 d5 2. d4 Nf6 3. g3 c6 4. Bg2 g6 5. O-O Bg7 6. b3 O-O 7. Bb2 Nbd7 8. Nbd2
e6 9. c4 dxc4 10. Nxc4 Qc7 11. Ba3 c5 12. Rc1 b5 13. Nce5 Qa5 14. Bxc5 Nxc5 15.
dxc5 Rd8 16. Nd4 Qc7 17. Bxa8 Qxe5 18. Nc6 Rxd1 19. Nxe5 Rd2 20. Rfd1 1-0

[Event "4NCL Division 3"]
[Site "Daventry Court ENG"]
[Date "2014.03.22"]
[Round "7.70"]
[White "Goodwin, Ed H"]
[Black "Brozel, Sacha"]
[Result "1-0"]
[WhiteElo "1776"]
[BlackElo "1762"]
[PlyCount "159"]
[EventDate "2014.03.22"]
[WhiteTeam "Throw in the Tal"]
[BlackTeam "Barnet Knights 1"]

1. d4 e6 2. e4 d5 3. Nc3 Bb4 4. exd5 exd5 5. Qf3 Nf6 6. Bg5 Be6 7. Bxf6 Qxf6 8.
Qxf6 gxf6 9. Nge2 c6 10. O-O-O Nd7 11. Ng3 Nb6 12. Bd3 Bxc3 13. bxc3 Na4 14.
Kd2 Nb2 15. Rb1 Nxd3 16. cxd3 b6 17. Nh5 Ke7 18. Rhe1 Rhg8 19. g3 Rg5 20. Nf4
b5 21. Re3 Re8 22. Rbe1 Kd7 23. a4 a5 24. axb5 cxb5 25. Rb1 Rb8 26. Ree1 a4 27.
Rb4 Rb7 28. Ra1 Kc6 29. Ra3 h6 30. Nxe6 fxe6 31. c4 Rg4 32. cxb5+ Rxb5 33.
Rbxa4 e5 34. dxe5 Rxa4 35. Rxa4 fxe5 36. Ra6+ Kc5 37. Rxh6 Kd4 38. Rc6 Rb2+ 39.
Rc2 Rb3 40. Ke2 Rb8 41. h4 Rh8 42. Ra2 Kc5 43. Ra5+ Kd4 44. Kd2 Rf8 45. Ra4+
Kc5 46. Ke2 Rh8 47. Ke3 Rh5 48. Ra5+ Kd6 49. Ra6+ Kc5 50. Rg6 Rh7 51. Rg5 Kd6
52. h5 Ke6 53. g4 Kf6 54. Rg6+ Kf7 55. Ra6 Rh8 56. Rd6 d4+ 57. Ke4 Ke7 58. Rd5
Rg8 59. Rxe5+ Kd6 60. f3 Ra8 61. Rd5+ Ke6 62. Rxd4 Rg8 63. Ra4 Kf6 64. Ra6+ Ke7
65. h6 Kf7 66. Ra7+ Kf6 67. h7 Re8+ 68. Kf4 Kg6 69. Kg3 Rd8 70. Kh4 Re8 71. Kg3
Rd8 72. d4 Re8 73. d5 Rd8 74. d6 Re8 75. Re7 Rd8 76. d7 Rf8 77. Re8 Rf6 78.
h8=Q Rf7 79. Re6+ Kg5 80. Qh5# 1-0

[Event "4NCL Division 3"]
[Site "Daventry Court ENG"]
[Date "2014.03.22"]
[Round "7.80"]
[White "Brewer, Callum D"]
[Black "Dean, Robert A"]
[Result "1/2-1/2"]
[WhiteElo "1815"]
[BlackElo "1836"]
[PlyCount "137"]
[EventDate "2014.03.22"]
[WhiteTeam "Sussex Smart Survivors 2"]
[BlackTeam "Bradford DCA Knights C"]

1. e4 e6 2. d4 d5 3. e5 c5 4. c3 Nc6 5. Nf3 Bd7 6. Be2 Nge7 7. Na3 Ng6 8. Nc2
f6 9. Bd3 f5 10. b3 cxd4 11. cxd4 Be7 12. Bd2 O-O 13. h4 Nh8 14. g4 fxg4 15.
Ng5 Bxg5 16. Bxg5 Qb6 17. Be3 Nb4 18. Nxb4 Qxb4+ 19. Qd2 Qxd2+ 20. Kxd2 h5 21.
Rhg1 Rac8 22. Rg3 Be8 23. Be2 Bg6 24. f3 gxf3 25. Bxf3 Rc2+ 26. Kd1 Rc3 27. Kd2
Rfc8 28. Be2 Rc2+ 29. Kd1 Rb2 30. Bc1 Rbc2 31. Be3 R8c3 32. Rxg6 Nxg6 33. Bd2
Rxd2+ 34. Kxd2 Rh3 35. Bxh5 Nf4 36. Be8 Rd3+ 37. Kc2 Rxd4 38. Rf1 Re4 39. h5
Kh8 40. Bg6 Nxg6 41. hxg6 Kg8 42. Rf7 Rg4 43. Rxb7 Rxg6 44. Kd3 a5 45. a3 Rg4
46. b4 Rg3+ 47. Kd4 Rxa3 48. b5 Rb3 49. Kc5 a4 50. Ra7 a3 51. b6 Kh7 52. b7 Kg6
53. Kc6 Rc3+ 54. Kd6 Rb3 55. Kc7 Rc3+ 56. Kb8 Kf5 57. Ka8 Rb3 58. b8=Q Rxb8+
59. Kxb8 g5 60. Kc7 Kxe5 61. Kc6 g4 62. Rxa3 Kf4 63. Kc5 g3 64. Kd4 g2 65. Ra1
Kg3 66. Ke5 Kh2 67. Kxe6 d4 68. Ke5 d3 69. Ke4 1/2-1/2

[Event "4NCL Division 3"]
[Site "Daventry Court ENG"]
[Date "2014.03.22"]
[Round "7.81"]
[White "Bramson, Mike"]
[Black "Graham, William M"]
[Result "1-0"]
[WhiteElo "1835"]
[BlackElo "1819"]
[PlyCount "47"]
[EventDate "2014.03.22"]
[WhiteTeam "Bradford DCA Knights C"]
[BlackTeam "Sussex Smart Survivors 2"]

1. e4 e6 2. d4 d5 3. Nd2 Nf6 4. e5 Nfd7 5. Ngf3 c5 6. c3 Nc6 7. Bd3 Qb6 8. O-O
cxd4 9. cxd4 Nxd4 10. Nxd4 Qxd4 11. Nf3 Qb6 12. Qa4 Bc5 13. Qg4 Kf8 14. Qg3 f6
15. exf6 Nxf6 16. Ne5 Bd6 17. Bf4 Bxe5 18. Bxe5 Qd8 19. Rac1 Ne8 20. Rc7 Bd7
21. Bb5 Bxb5 22. Bxg7+ Kg8 23. Bf6+ Kf8 24. Bxd8 1-0

[Event "4NCL Division 3"]
[Site "Daventry Court ENG"]
[Date "2014.03.22"]
[Round "7.82"]
[White "Woods, Timothy J"]
[Black "Grobler, David J"]
[Result "1/2-1/2"]
[WhiteElo "1787"]
[BlackElo "1637"]
[PlyCount "45"]
[EventDate "2014.03.22"]
[WhiteTeam "Sussex Smart Survivors 2"]
[BlackTeam "Bradford DCA Knights C"]

1. e4 c5 2. Nf3 Nc6 3. d4 cxd4 4. Nxd4 Nf6 5. Nc3 e6 6. Ndb5 Bb4 7. a3 Bxc3+ 8.
Nxc3 d5 9. exd5 exd5 10. Bd3 h6 11. O-O O-O 12. Ne2 Ne5 13. f3 Qb6+ 14. Kh1 Rd8
15. Ng3 Nxd3 16. Qxd3 Bd7 17. Re1 d4 18. Bd2 Rac8 19. Nf5 Bxf5 20. Qxf5 Nd5 21.
b4 Qc6 22. Re5 Qd7 23. Qe4 1/2-1/2

[Event "4NCL Division 3"]
[Site "Daventry Court ENG"]
[Date "2014.03.23"]
[Round "8.55"]
[White "Thomas, Rik H"]
[Black "Martin, Andrew D"]
[Result "1/2-1/2"]
[WhiteElo "2193"]
[BlackElo "2390"]
[PlyCount "57"]
[EventDate "2014.03.23"]
[WhiteTeam "Kings Head 2"]
[BlackTeam "Guildford 3"]

1. Nf3 Nf6 2. g3 d5 3. Bg2 c6 4. b3 Bf5 5. Bb2 h6 6. O-O e6 7. c4 a5 8. d3 Be7
9. Nbd2 O-O 10. Qc2 Na6 11. Rac1 Bh7 12. a3 Nd7 13. Rfd1 Bf6 14. Bxf6 Qxf6 15.
Qc3 Qxc3 16. Rxc3 Rfd8 17. cxd5 exd5 18. Bh3 Nc7 19. Rc2 Nb5 20. a4 Nd6 21. Nd4
Nf8 22. f4 Re8 23. N2f3 Re7 24. Kf2 f6 25. Nh4 g5 26. Nhf5 Bxf5 27. Nxf5 Nxf5
28. Bxf5 Ne6 29. Bxe6+ 1/2-1/2

[Event "4NCL Division 3"]
[Site "Daventry Court ENG"]
[Date "2014.03.23"]
[Round "8.56"]
[White "Buckley, Graeme N"]
[Black "Wittmann, Jochen"]
[Result "1-0"]
[WhiteElo "2340"]
[BlackElo "2123"]
[PlyCount "35"]
[EventDate "2014.03.23"]
[WhiteTeam "Guildford 3"]
[BlackTeam "Kings Head 2"]

1. e4 e5 2. Nf3 Nc6 3. Bb5 f5 4. Qe2 Qe7 5. O-O Nf6 6. d3 d6 7. Nc3 Bd7 8. Bg5
fxe4 9. dxe4 Qf7 10. Nd5 Be6 11. Bxf6 gxf6 12. Qc4 Kd7 13. Rfd1 Rg8 14. Rd3 a6
15. Bxc6+ bxc6 16. Qa4 Qg6 17. Ne1 Qg4 18. Nxf6+ 1-0

[Event "4NCL Division 3"]
[Site "Daventry Court ENG"]
[Date "2014.03.23"]
[Round "8.57"]
[White "Davey, Mark"]
[Black "Povah, Nigel E"]
[Result "0-1"]
[WhiteElo "1999"]
[BlackElo "2288"]
[PlyCount "88"]
[EventDate "2014.03.23"]
[WhiteTeam "Kings Head 2"]
[BlackTeam "Guildford 3"]

1. e4 c5 2. c4 e6 3. Nc3 b6 4. g3 Bb7 5. Bg2 Nf6 6. Nge2 d6 7. O-O Nbd7 8. d4
cxd4 9. Nxd4 a6 10. Qe2 Be7 11. f4 Qc7 12. f5 e5 13. Nc2 Rc8 14. Ne3 Qc5 15.
Kh1 b5 16. cxb5 axb5 17. Rd1 b4 18. Ncd5 Bd8 19. b3 O-O 20. Bb2 Nxd5 21. Nxd5
Nb6 22. f6 Nxd5 23. fxg7 Re8 24. exd5 Qc2 25. Rd2 Qg6 26. Rf1 Bg5 27. Be4 Qxg7
28. Rc2 Rxc2 29. Qxc2 Rc8 30. Qd3 Rc7 31. Qb5 Be7 32. Qxb4 h5 33. Qb6 Qg4 34.
Bf3 Qh3 35. Rd1 Rc2 36. Qg1 Rxb2 37. Bg2 Qg4 38. Rc1 Bg5 39. Rc4 Qe2 40. Re4
Qd2 41. h4 Bh6 42. g4 Bxd5 43. gxh5 Qxg2+ 44. Qxg2+ Rxg2 0-1

[Event "4NCL Division 3"]
[Site "Daventry Court ENG"]
[Date "2014.03.23"]
[Round "8.58"]
[White "Osborne, Marcus E"]
[Black "Whitehead, David J"]
[Result "1-0"]
[WhiteElo "2254"]
[BlackElo "2016"]
[PlyCount "115"]
[EventDate "2014.03.23"]
[WhiteTeam "Guildford 3"]
[BlackTeam "Kings Head 2"]

1. d4 Nf6 2. c4 g6 3. Nc3 Bg7 4. e4 d6 5. h3 O-O 6. Be3 Na6 7. Nf3 c6 8. Be2 e5
9. Qc2 Nh5 10. O-O-O Qe7 11. c5 dxc5 12. dxe5 Bxe5 13. Nxe5 Qxe5 14. Qd2 Ng7
15. Bf4 Qd4 16. Qe1 Qf6 17. Bd6 Rd8 18. e5 Qf4+ 19. Kb1 Bf5+ 20. Bd3 Nb4 21.
Bxf5 Qxf5+ 22. Ne4 Qe6 23. b3 b6 24. Qd2 Nf5 25. Rhe1 Nxd6 26. exd6 a5 27. Qb2
Qf5 28. g4 Qf3 29. Nf6+ Kf8 30. d7 Nd3 31. Nxh7+ Kg8 32. Nf6+ Kf8 33. Qa1 Nxe1
34. Rxe1 Qd3+ 35. Kc1 Qd4 36. Qxd4 cxd4 37. g5 c5 38. a4 Kg7 39. Re8 Rab8 40.
Kd2 Ra8 41. Kd3 Rab8 42. f4 Ra8 43. h4 Rab8 44. f5 Ra8 45. fxg6 Kxg6 46. Re5
Kg7 47. h5 Ra7 48. Re7 Raa8 49. Re8 Rab8 50. h6+ Kg6 51. h7 Rxe8 52. dxe8=Q
Rxe8 53. Nxe8 Kxh7 54. Nd6 Kg6 55. Ke4 Kxg5 56. Nxf7+ Kf6 57. Nd6 Ke6 58. Nc4
1-0

[Event "4NCL Division 3"]
[Site "Daventry Court ENG"]
[Date "2014.03.23"]
[Round "8.60"]
[White "Kalaiyalahan, Akshaya"]
[Black "Disu, Kayode"]
[Result "1-0"]
[WhiteElo "1973"]
[BlackElo "1896"]
[PlyCount "103"]
[EventDate "2014.03.23"]
[WhiteTeam "Guildford 3"]
[BlackTeam "Kings Head 2"]

1. d4 e6 2. Nf3 f5 3. c4 d5 4. cxd5 exd5 5. e3 Nf6 6. Bd3 Bd6 7. Nc3 c6 8. O-O
O-O 9. Rb1 Ne4 10. Ne5 Nd7 11. f4 Ndf6 12. Qc2 Qe7 13. a3 Nxc3 14. bxc3 Ne4 15.
a4 Be6 16. Bb2 Rac8 17. Qe2 c5 18. Rbc1 c4 19. Bxe4 fxe4 20. Rb1 b6 21. Bc1 Qb7
22. Qa2 Qa6 23. Bd2 Rc7 24. Qc2 Bxe5 25. dxe5 Rc5 26. Ra1 Ra5 27. Ra2 Bd7 28.
Rfa1 Rb8 29. h3 b5 30. axb5 Rbxb5 31. Rxa5 Rxa5 32. Rxa5 Qxa5 33. Qb2 Qb5 34.
Qxb5 Bxb5 35. Kf2 Kf7 36. Ke2 Ba4 37. Bc1 Ke6 38. Ba3 h5 39. g4 hxg4 40. hxg4
g6 41. Kf2 Bd1 42. Kg3 a5 43. Kh4 d4 44. cxd4 c3 45. Kg5 c2 46. f5+ gxf5 47.
gxf5+ Kf7 48. e6+ Kg8 49. f6 c1=Q 50. Bxc1 Bb3 51. f7+ Kg7 52. Ba3 1-0

[Event "4NCL Division 3"]
[Site "Daventry Court ENG"]
[Date "2014.03.23"]
[Round "8.65"]
[White "Tozer, Philip AA"]
[Black "Carleton, John J"]
[Result "1/2-1/2"]
[WhiteElo "2147"]
[BlackElo "2241"]
[PlyCount "83"]
[EventDate "2014.03.23"]
[WhiteTeam "Anglian Avengers 2"]
[BlackTeam "Spirit of Atticus A"]

1. c4 e6 2. g3 d5 3. Bg2 Nf6 4. Nf3 dxc4 5. Na3 Bxa3 6. bxa3 O-O 7. Qc2 Nbd7 8.
Qxc4 a6 9. Bb2 b5 10. Qc2 Bb7 11. O-O c5 12. a4 b4 13. d4 Rc8 14. dxc5 Rxc5 15.
Qd3 Qa8 16. Rac1 Rfc8 17. Rxc5 Rxc5 18. Rc1 Rxc1+ 19. Bxc1 Bd5 20. Ne1 a5 21.
Bb2 Bxg2 22. Nxg2 Qd5 23. Nf4 Qxd3 24. Nxd3 Nb6 25. Bxf6 gxf6 26. Nb2 Kf8 27.
Kf1 Ke7 28. Ke1 Kd6 29. Kd2 Kd5 30. Kd3 f5 31. f3 f6 32. e4+ fxe4+ 33. fxe4+
Kc5 34. g4 Kc6 35. Kd4 Kd6 36. Ke3 Ke5 37. Nd3+ Kd6 38. Nb2 Kc5 39. Kd3 Kc6 40.
Kd4 Kd6 41. Ke3 Ke5 42. Nd3+ 1/2-1/2